00463nam a2200109Ia 4500008004100000082002100041100005100062245008800113942001200201999001900213952012100232210430s9999 xx 000 0 und d a621.4021 M8271 F aBy Michael J. Moran / Howard N. Shapiro953659 aFundamentals of Engineering ThermodynamicscBy Michael J. Moran / Howard N. Shapiro cBK2ddc c565979d565979 00104070aSCMEbSCMEcCARTd0000-00-00l4m3o621.4021 M8271 FpSCME- D220r2025-01-29s2024-09-24w2021-04-30yBK